Normal view
MARC view
Entry Personal Name
001 - CONTROL NUMBER
- control field: 25487
003 - CONTROL NUMBER IDENTIFIER
- control field: dpl
005 - DATE AND TIME OF LATEST TRANSACTION
- control field: 20110121165012.0
008 - FIXED-LENGTH DATA ELEMENTS
- fixed length control field: 110121|||a|||||| | ||| d
040 ## - CATALOGING SOURCE
- Original cataloging agency: dpl
- Transcribing agency: dpl
100 ## - HEADING--PERSONAL NAME
- Personal name: Tagore, Rabindranath
670 ## - SOURCE DATA FOUND
- Source citation: Work cat.: (dpl)5520: Tagore, Rabindranath, My life in my words, 2006
670 ## - SOURCE DATA FOUND
- Source citation: Work cat.: (dpl)5520: Tagore, Rabindranath, My life in my words, 2006
